Loading...
Science - Physics | 0 | 5 | 0 | 1 | 50 | 26 | 60.60 | 1 | 4 |
Science - Chemistry | 0 | 4 | 0 | 1 | 40 | 57 | 78.00 | 0 | 1 |
Science - Biology | 0 | 3 | 0 | 0 | 30 | 66 | 72.00 | 0 | 1 |
Religion | 0 | 2 | 0 | 1 | 20 | 49 | 91.00 | 1 | 1 |
Social Science | 0 | 2 | 0 | 0 | 20 | 49 | 84.00 | 0 | 1 |
Mythology | 0 | 2 | 0 | 1 | 20 | 63 | 99.50 | 0 | 0 |
Literature - British Literature | 0 | 2 | 0 | 0 | 20 | 102 | 110.00 | 0 | 0 |
Science - Other Science | 0 | 2 | 1 | 0 | 15 | 55 | 63.00 | 0 | 2 |
Literature - European Literature | 0 | 1 | 0 | 0 | 10 | 113 | 113.00 | 0 | 0 |
Fine Arts - Other Fine Arts | 0 | 1 | 0 | 0 | 10 | 112 | 112.00 | 0 | 1 |
Geography/Current Events | 0 | 1 | 0 | 0 | 10 | 71 | 71.00 | 0 | 1 |
History - European History | 0 | 1 | 0 | 0 | 10 | 104 | 104.00 | 0 | 0 |
History - World History | 0 | 1 | 0 | 0 | 10 | 120 | 120.00 | 0 | 0 |
Literature - American Literature | 0 | 1 | 0 | 0 | 10 | 68 | 68.00 | 0 | 1 |
Fine Arts - Classical Music | 0 | 1 | 0 | 1 | 10 | 137 | 137.00 | 0 | 0 |
Literature - World/Other Literature | 0 | 1 | 0 | 0 | 10 | 64 | 64.00 | 0 | 0 |
Fine Arts - Visual Fine Arts | 0 | 0 | 1 | 0 | -5 | 0.00 | 0 | 0 |